MAINAU 1966 : Poznámky k vývoji a k problematice soudobé literatury pro děti

Bibliographic Details
Main Author: Stejskal, Václav, 1922-1986 (Author)
Format: Article
Language:Czech

MARC

LEADER 00000nab a2200000uu 4500
001 vtls011506205
003 SK-MaSNL
005 20260304030234.0
008 250310|1966 xo |||||||||||||||||cze|
015 |a SNBRB 
035 |a (urnnbn)urn:nbn:sk:snk:ar-a0btfn 
035 |a (uuid)3f2943c7-536a-4ec3-b535-240a6a735f56 
035 |a urn:nbn:sk:snk-abdzg0 
040 |a SNKBUCL  |b slo  |c SNKBUCL  |e AACR2 
041 0 |a cze 
044 |a xo  |c SK 
100 1 |a Stejskal, Václav,  |d 1922-1986  |4 aut  |9 117760 
245 1 0 |a MAINAU 1966 :  |b Poznámky k vývoji a k problematice soudobé literatury pro děti  |c Václav Stejskal 
773 0 |t Zlatý máj : kritická revue tvorby pro mládež  |g Roč. 10, č. 7 (1966), s. 361-371 
958 |a OND 
958 |a article20 
999 |c 2632818  |d 2634748